000 00723nam a2200217 i 4500
001 89863
003 ES-MaACL
005 20230906180305.0
007 t|
008 050114s1971 sp ||||1| cat d
080 _a840-96"12"
100 1 _aLatini, Brunetto (
_d1220-1295)
_970524
240 3 _aLi livres dou tresor.
_lCatalán
245 1 0 _aLlibre del tresor /
_cBrunetto Latini ; versió catalana de Guillem de Copons ; volum I. a cura de Curt J. Wittlin.
260 _aBarcelona :
_bBarcino,
_c1971.
300 _a201 p. ;
_c22 cm.
650 4 _aEnciclopedias-
_vObras anteriores a 1800.
_912236
700 1 _aCopons, Guillem de.
_940415
700 1 _aWittlin, Curt.
_9117192
852 _aES-MaACL
_jE-6643
_bR.81213
999 _c89863
_d89863